<?xml version="1.0" encoding="UTF-8"?>
<marc:record xmlns:marc="http://www.loc.gov/MARC21/slim">
   <marc:leader>00000nam a2200000 a 4500</marc:leader>
   <marc:datafield ind1="1" ind2=" " tag="100">
      <marc:subfield code="a">Zach, Bastian</marc:subfield>
      <marc:subfield code="4">aut</marc:subfield>
      <marc:subfield code="e">Verfasser/-in</marc:subfield>
   </marc:datafield>
   <marc:datafield ind1="0" ind2="0" tag="245">
      <marc:subfield code="a">Morbus Dei: Inferno</marc:subfield>
   </marc:datafield>
   <marc:datafield ind1="0" ind2="0" tag="245">
      <marc:subfield code="b">Historischer Thriller</marc:subfield>
   </marc:datafield>
   <marc:datafield ind1=" " ind2="1" tag="264">
      <marc:subfield code="b">Haymon Verlag</marc:subfield>
      <marc:subfield code="c">2014</marc:subfield>
   </marc:datafield>
   <marc:datafield ind1="1" ind2=" " tag="520">
      <marc:subfield code="a">Tyrol, 1704: Johann und Elisabeth sind mit knapper Not aus dem Dorf geflohen und schlagen sich Richtung Wien durch. Als sie nach vielen Gefahren ihr Ziel erreichen, scheint eine sichere gemeinsame Zukunft in greifbare Nähe gerückt bis Feinde aus Johanns Vergangenheit auftauchen. Zu allem Übel bricht plötzlich eine rätselhafte Krankheit aus, die sich wie ein Leichentuch über Wien legt. Die alte Kaiserstadt wird zur Todesfalle, aus der es scheinbar kein Entkommen gibt Spannend, atmosphärisch und dramatisch mit Inferno entführen Zach und Bauer den Leser in eine Welt, in der Tod und Finsternis, aber auch Mut und Hoffnung allgegenwärtig sind.</marc:subfield>
   </marc:datafield>
   <marc:datafield ind1=" " ind2=" " tag="020">
      <marc:subfield code="a">9783852188799</marc:subfield>
      <marc:subfield code="9">9783852188799</marc:subfield>
   </marc:datafield>
</marc:record>
